[Event "ESP-ch Rapid 2018"]
[Site "Linares"]
[Date "2018.08.19"]
[Round "4"]
[White "Orantes Taboada, Francisco"]
[Black "Garcia Garcia, Adrian Antonio"]
[Result "0-1"]
[WhiteElo "2242"]
[BlackElo "2179"]
[Annotator "TA"]
[PlyCount "78"]
[EventDate "2018.08.19"]
[EventType "team-tourn"]
[EventCountry "ESP"]
[SourceTitle "playchess.com"]
[Source "ChessBase"]
[SourceQuality "1"]

{[%evp 15,78,25,24,11,31,37,68,50,61,54,68,68,72,57,100,-22,-18,-34,-16,-22,0,-47,73,104,186,165,165,174,178,181,180,173,178,156,100,0,0,-125,-107,-112,-117,-102,-102,-153,0,0,0,0,6,-98,0,-235,-223,-204,-201,-989,-933,-890,-649,-851,-152,-558,-66,-29991,-1862]} 1. d4 f5 2. c4 Nf6 3. Nf3 g6 4. Nc3 Bg7 5. g3 O-O 6. Bg2 c6 7. O-O d6 8. Qb3 Na6 {LiveBook: 29 Games} 9. c5+ {A88: Dutch Defence: Leningrad System: 5 Nf3 0-0 6 0-0 d6 7 Nc3 c6} (9. Rd1 Kh8 10. Bf4 Nc7 11. d5 c5 12. Qc2 Qe8 13. Rab1 h6 14. a3 g5 15. Bc1 Bd7 16. b4 b6 17. bxc5 bxc5 {1-0 (41) Kuzubov,Y (2660)-Cheparinov,I (2712) Ankara 2018}) 9... d5 10. Bf4 $146 ({Predecessor:} 10. Ne5 Ne4 11. Bxe4 fxe4 12. Nxe4 e6 13. Bg5 Qc7 14. Nd6 Nxc5 15. dxc5 Bxe5 16. Bh6 Bg7 17. Bxg7 Qxg7 {½-½ (44) Ang,A (2228)-Reilly,T (2153) Auckland 2017}) 10... Nc7 11. Rfd1 {White is slightly better.} Ne6 12. Be5 Ne4 13. Bxg7 Kxg7 14. Ne5 N4g5 15. Nxd5 (15. e3 $16) 15... cxd5 $11 16. Bxd5 Nc7 17. Bg2 $1 (17. Bxb7 Bxb7 18. Qxb7 Rb8 $17) 17... Ne4 18. d5 Rf6 ({Reject} 18... Nxc5 19. Qc3 $14) (18... Na6 $1 $15 {stays ahead.}) 19. Rac1 $1 $16 {Threatens to win with Bxe4.} Na6 (19... b6 $16) 20. Bxe4 $1 $18 fxe4 21. d6 exd6 22. cxd6 Rxd6 23. Qf7+ Kh8 24. Rxd6 Qxd6 25. Qf4 ({Much weaker is} 25. Qe8+ $6 Kg7 $11) ({White should try} 25. h4 $1 $16) 25... Kg7 {White must now prevent ...Bf5.} 26. Qxe4 (26. Qf7+ $1 $11 {was the only way to keep the balance.} Kh8 27. Qe8+ Kg7 28. Rxc8 Rxc8 29. Qxc8 Qxe5 30. Qxb7+ Nc7 31. Qxa7) 26... Rb8 27. Nc4 Qf6 28. Rd1 Bf5 29. Qd5 (29. Qe3 $142) 29... Nc7 $2 (29... Be6 $17 30. Qb5 Rf8) 30. Qc5 $11 Ne6 31. Qxa7 Rf8 32. Nd6 (32. Qxb7+ $11 Kg8 33. Ne3) 32... Bc2 ({Better is} 32... Qxb2 $17 33. Qxb7+ Qxb7 34. Nxb7 Ra8 35. Rd7+ Kf6) 33. Qxb7+ $2 (33. Rd2 $11 Bb1 34. Qxb7+ Kg8 35. f4) 33... Kh8 $19 34. Rf1 Nd4 $1 35. Nc4 $2 (35. Qd5) 35... Nxe2+ 36. Kg2 Qe6 37. Qb5 Be4+ 38. f3 {[#]} Rxf3 $2 (38... Bxf3+ $1 $19 {[%mdl 512]} 39. Rxf3 Rxf3 40. Qe5+ Qxe5 41. Nxe5 Rf5) 39. Qb8+ $2 {[%mdl 8192]} (39. Rxf3 $15 Bxf3+ 40. Kf2) 39... Rf8+ $1 {Precision: White = 42%, Black = 42%.} 0-1

[Event "ESP-ch Rapid 2018"]
[Site "Linares"]
[Date "2018.08.19"]
[Round "4"]
[White "Blazquez Gomez, Juan Carlos"]
[Black "Blazquez Gomez, Miguel"]
[Result "1/2-1/2"]
[WhiteElo "2240"]
[BlackElo "1998"]
[Annotator "TA"]
[PlyCount "16"]
[EventDate "2018.08.19"]
[EventType "team-tourn"]
[EventCountry "ESP"]
[SourceTitle "playchess.com"]
[Source "ChessBase"]
[SourceQuality "1"]

{[%evp 9,16,44,62,57,60,52,51,54,54]} 1. e4 b6 2. g3 Bb7 3. Bg2 e6 4. d3 Nc6 (4... c5 5. f4 d5 6. Nd2 Qc7 7. Qe2 Nc6 8. c3 d4 9. c4 Nb4 10. Ndf3 a6 11. Nh3 b5 12. b3 {1-0 (50) Movsziszian,K (2468)-Fedorchuk,S (2626) Llucmajor 2016}) 5. Nf3 d6 {White is slightly better.} 6. O-O {C00: French: Unusual White 2nd moves} Nf6 7. Re1 Be7 8. c4 $146 ({Predecessor:} 8. e5 Nd7 9. exd6 Bxd6 {½-½ (26) Moeller,L (1618)-Browning,R (1652) Willingen 2015}) 8... O-O 1/2-1/2

[Event "ESP-ch Rapid 2018"]
[Site "Linares"]
[Date "2018.08.19"]
[Round "4"]
[White "Garcia Romero, Benjamin Abel"]
[Black "Meler Tevar, Sergio"]
[Result "1-0"]
[WhiteElo "2230"]
[BlackElo "1807"]
[Annotator "TA"]
[PlyCount "71"]
[EventDate "2018.08.19"]
[EventType "team-tourn"]
[EventCountry "ESP"]
[SourceTitle "playchess.com"]
[Source "ChessBase"]
[SourceQuality "1"]

{[%evp 9,71,31,125,129,135,133,132,128,126,137,155,154,178,176,194,175,179,141,172,165,193,158,160,111,114,108,114,100,163,161,164,130,192,130,135,131,114,120,110,80,120,61,179,179,179,179,214,202,229,209,207,204,239,235,556,553,510,510,1194,1187,985,1113,1291,1291]} 1. e4 Nc6 2. Nf3 d6 3. d4 e5 4. Bb5 Bd7 5. Nc3 Be7 {[#]} ({Better is} 5... exd4 $14 6. Nxd4 Be7) (5... exd4 6. Nxd4 Nf6 7. O-O Be7 8. Bf4 O-O 9. Re1 Nxd4 10. Qxd4 Bxb5 11. Nxb5 Nd7 12. Qc4 a6 13. Nc3 Bf6 14. Nd5 Rc8 15. Qb4 b6 16. Rad1 Re8 17. b3 Be5 18. Be3 a5 19. Qd2 Nf6 20. Bg5 {½-½ (59) Navara,D (2740)-Andriasian,Z (2585) Katowice 2017}) 6. Bxc6 $1 $16 {C62: Ruy Lopez: Steinitz Defence} Bxc6 7. dxe5 dxe5 8. Qxd8+ {White is clearly better.} Rxd8 9. Nxe5 Bb4 10. Nxc6 Bxc3+ 11. bxc3 bxc6 12. f3 Ne7 $146 ({Predecessor:} 12... Nf6 13. Rb1 O-O 14. Rb7 Rd7 15. Rxa7 h6 16. Ke2 Nh5 17. Rd1 Rxd1 18. Kxd1 Rc8 {1-0 (18) Baroin,B (2002)-Aalto,P (849) IECG email 2002}) 13. Be3 a6 14. Ke2 Nc8 15. Bc5 Nb6 16. Bxb6 cxb6 {[%mdl 4096] Endgame KRR-KRR} 17. Rhb1 b5 18. a4 Ke7 (18... h5 $16) 19. axb5 $18 axb5 20. Ra6 Rc8 (20... Rd6 $16 21. c4 Rc8 22. Ra7+ (22. cxb5 cxb5 23. Ra7+ Ke6 $16) 22... Rd7 23. Rxd7+ Kxd7) 21. c4 (21. Ra7+ $18 Ke6 22. Rd1) 21... Rhd8 $16 22. Ke3 bxc4 23. Rb4 c3 24. Rd4 c5 25. Rd3 ({White should play} 25. Ra7+ $16 Kf6 26. Ra6+ Ke7 27. Rd5) 25... c4 (25... Rxd3+ $1 $14 26. Kxd3 Rd8+ 27. Kxc3 Rd1) 26. Rxc3 $18 Rd1 27. Ra4 Rcd8 28. Ra7+ Kf6 29. Ra6+ Ke7 30. Rxc4 R1d2 31. Rc7+ Ke8 $2 (31... R2d7) 32. Raa7 {White is clearly winning.} Rxg2 33. Rxf7 {[%csl Gf7][%cal Ra7e7] [#]} Rc8 (33... Ra8 $142 34. Rae7+ (34. Rxa8+ Kxf7 35. c4 Rxh2 $18) 34... Kd8) 34. Rxg7 Rxg7 35. Rxg7 Rxc2 36. Rxh7 {Precision: White = 59%, Black = 31%.} 1-0

[Event "ESP-ch Rapid 2018"]
[Site "Linares"]
[Date "2018.08.19"]
[Round "4"]
[White "Beltran De Heredia E, Miguel"]
[Black "Gomez Sanjuan, Hector Fernando"]
[Result "1-0"]
[WhiteElo "2229"]
[BlackElo "2146"]
[Annotator "TA"]
[PlyCount "53"]
[EventDate "2018.08.19"]
[EventType "team-tourn"]
[EventCountry "ESP"]
[SourceTitle "playchess.com"]
[Source "ChessBase"]
[SourceQuality "1"]

{[%evp 26,53,21,26,23,27,87,65,91,100,104,113,106,94,107,86,112,103,107,108,150,117,195,200,463,300,614,589,633,608]} 1. e4 c5 2. Nf3 Nc6 3. Nc3 g6 4. d4 cxd4 5. Nxd4 Bg7 6. Be3 Nf6 7. Bc4 O-O 8. Bb3 d6 9. f3 Bd7 10. Qd2 Nxd4 11. Bxd4 b5 12. a4 bxa4 {B77: Sicilian Dragon: Yugoslav Attack, 9 Bc4 sidelines} 13. Bxa4 a5 14. O-O {LiveBook: 7 Games} Qc7 {[#] White has an edge.} 15. Kh1 $146 {Bxf6 is the strong threat.} ({Predecessor:} 15. Rfd1 Rfb8 16. Bxd7 Qxd7 17. b3 Rb4 18. Ne2 Qb7 19. Kh1 Nd7 20. Bxg7 Kxg7 {1-0 (44) Hou,Y (2609)-Shirov,A (2696) Tromsoe 2013}) 15... Rab8 {[#]} (15... Bxa4 $11 {keeps the balance.} 16. Rxa4 Rfc8) 16. Bxf6 $1 $16 exf6 17. Nd5 Qd8 18. Bxd7 Qxd7 19. b3 f5 20. Rxa5 {And now exf5 would win.} fxe4 21. fxe4 Qe6 22. Ra4 Be5 23. h3 Rbc8 (23... Bg7 $16 {was called for.} 24. Qd3 Qe5) 24. Ra7 $18 Rc5 $2 {[#]} (24... Rcd8 {was necessary.} 25. Re7 Qc8) 25. c4 Kg7 $2 (25... Qe8 26. Qf2 Bg7) 26. Qf2 Rcc8 27. Re7 {Precision: White = 83%, Black = 29%.} 1-0

[Event "ESP-ch Rapid 2018"]
[Site "Linares"]
[Date "2018.08.19"]
[Round "4"]
[White "Sanchez Jimenez, Juan Carlos"]
[Black "Arroyo Rodriguez, Jesus"]
[Result "0-1"]
[WhiteElo "2228"]
[BlackElo "2099"]
[Annotator "TA"]
[PlyCount "50"]
[EventDate "2018.08.19"]
[EventType "team-tourn"]
[EventCountry "ESP"]
[SourceTitle "playchess.com"]
[Source "ChessBase"]
[SourceQuality "1"]

{[%evp 15,50,50,82,29,61,19,22,23,41,0,0,-41,0,-19,-19,-56,-20,-128,-85,-225,-230,-222,-144,-193,-110,-379,-372,-796,-737,-1077,-541,-1580,-1556,-1719,-1616,-1780,-1733]} 1. d4 Nf6 2. c4 c5 3. d5 b5 4. cxb5 a6 5. b6 g6 6. Nc3 Bg7 7. Nf3 {A57: Wolga/Benkö-Gambit} (7. e4 d6 8. Nf3 Nbd7 9. Be2 O-O 10. O-O Rb8 11. Nd2 Nxb6 12. a4 Nfd7 13. Qc2 Bb7 14. h3 a5 15. Rd1 Rc8 16. b3 f5 17. Bb2 fxe4 18. Ndxe4 {½-½ (88) Radjabov,T (2788)-Andreikin,D (2700) Astana 2012}) 7... O-O 8. e4 e6 {LiveBook: 3 Partien} 9. Qb3 (9. Bc4 $16) 9... Bb7 $11 10. Bc4 {Droht Lg5 und aus.} exd5 11. exd5 {zielt auf 0-0 ab.} Re8+ $146 ({Vorgänger:} 11... d6 12. O-O Nbd7 13. Na4 Ng4 14. h3 {1-0 (37) Mendoza Contreras,L (2207)-Alonso Contreras,M (2008) Tenerife 2009}) 12. Kf1 d6 $1 13. Bf4 Nh5 {[%mdl 1024] Schwarz hat Kompensation.} 14. Be3 Nd7 15. Na4 $1 Qf6 16. h3 {[#]} (16. Bd2 $11 {bleibt in der Remisbreite.}) 16... Ne5 $1 $17 17. Nxe5 (17. Be2 $17) 17... Rxe5 $19 18. Kg1 Rae8 19. Bd2 {[#]} Nf4 (19... Qh4 $1 $19 20. Bc3 Re4 21. Nxc5 dxc5) 20. Bc3 $2 {[%mdl 8192] [#]} (20. Nc3 $17) 20... Qg5 $1 {[%csl Gf4][%cal Rg5g2][%mdl 512]} 21. g3 $2 (21. Rh2 Ne2+ 22. Bxe2 Rxe2 23. Rf1) 21... Ne2+ {Schwarz steht klar auf Gewinn.} 22. Kg2 Re3 {[%cal Re3g3] ( -> ...Txg3+!)} 23. Bxe2 {Lc4 ist eine echte Drohung.} Bxd5+ {[%cal Bb7d5,Bd5b3,Bb3a4][%mdl 32]} 24. Kf1 Bxb3 25. fxe3 Bxa4 {Precision: Weiß = 10%, Schwarz = 54%.} 0-1

[Event "ESP-ch Rapid 2018"]
[Site "Linares"]
[Date "2018.08.19"]
[Round "4"]
[White "Alvarez Serrano, Carlos"]
[Black "Camacho Collados, Marcos"]
[Result "1-0"]
[WhiteElo "2225"]
[BlackElo "2393"]
[Annotator "TA"]
[PlyCount "69"]
[EventDate "2018.08.19"]
[EventType "team-tourn"]
[EventCountry "ESP"]
[SourceTitle "playchess.com"]
[Source "ChessBase"]
[SourceQuality "1"]

{[%evp 19,69,14,29,8,20,20,15,9,11,0,0,0,0,0,101,47,151,153,162,158,164,183,443,450,441,451,443,370,570,593,578,562,913,717,745,729,694,667,663,656,649,647,583,377,539,538,2312,2301,29989,29989,29989,29990]} 1. d4 Nf6 2. Nf3 b6 3. g3 Bb7 4. Bg2 e6 5. O-O Be7 6. c4 O-O 7. Nc3 Ne4 8. Qc2 Nxc3 9. Qxc3 d6 10. Qc2 f5 {LiveBook: 25 Games} 11. b3 {E19: Queen's Indian: Old Main Line with 7...Ne4 8 Qc2 Nxc3 8 Qxc3} (11. Ne1 Qc8 12. e4 Nd7 13. exf5 exf5 14. b3 g6 15. d5 Bf6 16. Bb2 Bxb2 17. Qxb2 Ne5 18. f4 Ng4 19. Nc2 c5 20. dxc6 Bxc6 21. Qd4 Bxg2 22. Kxg2 {½-½ (22) Stohl,I (2531)-Babula,V (2597) Czechia 2009}) 11... Be4 12. Qd2 Nd7 13. Bb2 {The position is equal.} Qe8 $146 ({Predecessor:} 13... Bf6 14. Rfd1 Qe7 15. Rac1 Rad8 16. b4 e5 17. dxe5 dxe5 18. Qc3 c5 19. a3 f4 20. Qb3 Ba8 {0-1 (29) Arnett,D (2350)-Levit,R (2255) New York 1994}) 14. d5 e5 15. Nxe5 dxe5 16. f3 $1 {[%cal Rf3e4] [#]} Nf6 (16... Bxf3 $1 $11 {[%mdl 512] keeps the balance.} 17. exf3 (17. Bxf3 e4 $11) 17... a5) 17. Bxe5 (17. fxe4 $16 Bc5+ 18. Kh1) 17... f4 (17... Bc5+ $14 18. Bd4 Bxd4+ 19. Qxd4 Bxd5 20. cxd5 Qxe2) 18. fxe4 $16 Bc5+ 19. Bd4 fxg3 20. hxg3 Qh5 $2 (20... Qe7 {keeps fighting.} 21. Rad1 Rae8 22. Bxc5 Qxc5+ 23. Qd4 Qd6) 21. Bxc5 $18 bxc5 22. Rf5 Qg4 23. Qf4 Qxe2 (23... Qxf4 $142 24. gxf4 a5) 24. Rf1 Nd7 25. Bh3 Rfe8 26. Qxc7 Nf6 27. e5 {[%cal Be4e5,Be5e6,Be6e7][%mdl 32]} Rac8 28. Rxf6 {[#] Qf7+ would kill now.} Qxf1+ 29. Rxf1 ({Weaker is} 29. Bxf1 Rxc7 30. Rf5 Rf7 $11) 29... Rxc7 {[%mdl 4096] Endgame KRR-KRB} 30. e6 Rd8 31. Rf2 g6 (31... a5 {might work better.} 32. Kg2 a4 33. bxa4 Rb7) 32. Kf1 Rf8 33. d6 {[%cal Bd5d6,Bd6d7][%mdl 32]} Rc6 34. d7 Rd6 35. e7 {Precision: White = 70%, Black = 33%.} 1-0

[Event "ESP-ch Rapid 2018"]
[Site "Linares"]
[Date "2018.08.19"]
[Round "4"]
[White "Vinuela Diaz, Saul"]
[Black "Domingo Nunez, Alejandro"]
[Result "0-1"]
[WhiteElo "2216"]
[BlackElo "2373"]
[Annotator "TA"]
[PlyCount "108"]
[EventDate "2018.08.19"]
[EventType "team-tourn"]
[EventCountry "ESP"]
[SourceTitle "playchess.com"]
[Source "ChessBase"]
[SourceQuality "1"]

{[%evp 20,108,53,12,63,25,38,17,12,-3,0,6,78,92,70,64,273,279,312,314,297,64,77,12,31,30,28,25,43,43,45,45,48,50,47,35,62,47,58,75,72,-104,-100,-114,-107,-111,-82,-89,-79,-87,-84,-102,-94,-166,-168,-166,-165,-167,-162,-169,-174,-167,-174,-166,-156,-159,-161,-166,-172,-194,-171,-354,-349,-304,-248,-1798,-1510,-1623,0,-429,0,-1418,-1341,-2872,-3637,-29973,-29974,-29978,-29975,-29984,-29985]} 1. Nf3 Nf6 2. c4 g6 3. g3 Bg7 4. Bg2 O-O 5. O-O d6 6. Nc3 c5 7. d4 Nbd7 8. b3 Rb8 9. Bb2 a6 10. a4 b6 {E65: Königsindisch (Jugoslawische Variante)} 11. Qd2 {LiveBook: 5 Partien} (11. Qc2 Qc7 12. d5 e6 13. dxe6 fxe6 14. Ng5 Ne5 15. Rad1 Nc6 16. e3 Nb4 17. Qd2 Rd8 18. f4 {1-0 (31) Cvek,R (2505)-Mikes,J (2321) Ostrava 2018}) 11... Ne8 (11... Bb7 $11) 12. d5 Nc7 {Weiß hat minimalen Vorteil.} 13. a5 $146 ({Vorgänger:} 13. Rfb1 b5 14. axb5 axb5 15. Nd1 Bxb2 16. Rxb2 Nf6 17. Rba2 Bd7 18. Nc3 bxc4 19. bxc4 {1-0 (37) Paul,J (1615)-Peng,H (2144) Durban 2014}) 13... b5 14. cxb5 axb5 15. b4 cxb4 (15... Na6 $11 {hält das Gleichgewicht.}) 16. Na2 $16 Bxb2 17. Qxb2 Nxd5 $2 {[#]} (17... Bb7 $14) 18. Nd4 $18 Bb7 19. a6 Ba8 20. Nxb4 $2 (20. Bxd5 $1 $18 Bxd5 21. Nxb4) 20... Nxb4 $14 21. Bxa8 (21. Qxb4 $16 Rb6 22. a7) 21... Rxa8 $11 22. Qxb4 Qb6 $1 23. Qxb5 Qxb5 24. Nxb5 Rfb8 25. Rfb1 Nc5 26. a7 Rb7 27. Kf1 Nd7 28. Ra5 Kf8 29. Kg2 Nc5 30. Nc7 $2 (30. g4 $16) 30... Raxa7 $17 31. Rxa7 Rxa7 {[%mdl 4096] Endspiel KTS-KTS} 32. Nd5 f6 33. Rb8+ Kf7 34. Rh8 {[#]} Kg7 $1 {[%cal Rg7h8]} 35. Re8 e6 36. Re7+ (36. Nc3 $17 {ist eine bessere Verteidigung.}) 36... Rxe7 $19 37. Nxe7 {KS-KS} Kf7 38. Nc6 e5 39. Kf3 d5 40. e3 Ke6 41. Ke2 Kd7 42. Nb4 Kd6 43. Nc2 Na4 44. Kd3 Kc5 45. g4 $2 (45. f3) 45... Nb2+ 46. Kd2 d4 47. f4 $2 (47. Ne1) 47... Nc4+ 48. Kd3 Nb2+ (48... Nxe3 $142 49. fxe5 Nxc2 50. exf6 Ne1+ 51. Ke2 Ng2) 49. Kd2 Nc4+ (49... d3 $142 50. fxe5 dxc2 51. Kxc2 Nc4 52. exf6 Kd6) 50. Kd3 {[%cal Re3d4]} Nxe3 51. fxe5 fxe5 52. Nxe3 dxe3 {Schwarz setzt Matt.} 53. Kxe3 Kd5 54. h3 g5 {Precision: Weiß = 29%, Schwarz = 57%.} 0-1

[Event "ESP-ch Rapid 2018"]
[Site "Linares"]
[Date "2018.08.19"]
[Round "4"]
[White "Salvador Lopez, Daniel"]
[Black "Fernandez Calzada, Juan A"]
[Result "1-0"]
[WhiteElo "2162"]
[BlackElo "1692"]
[Annotator "TA"]
[PlyCount "89"]
[EventDate "2018.08.19"]
[EventType "team-tourn"]
[EventCountry "ESP"]
[SourceTitle "playchess.com"]
[Source "ChessBase"]
[SourceQuality "1"]

{[%evp 12,89,21,10,23,20,45,43,44,31,43,43,41,41,46,47,66,50,62,61,77,64,94,98,93,93,98,98,101,96,151,150,457,472,456,455,596,596,596,596,714,595,682,587,595,539,588,477,537,520,855,855,843,818,875,861,968,897,1459,1458,1433,1208,7412,6183,5481,3049,12837,12838,12840,12840,29992,29984,29984,12840,12838,12837,12841,12841,29991,29992]} 1. d4 Nf6 2. Bg5 g6 3. Bxf6 exf6 4. e3 Bg7 5. g3 O-O 6. Bg2 d6 7. Ne2 {LiveBook: 43 Games} Re8 {A45: Trompowsky Attack} (7... Nd7 8. O-O f5 9. c4 Nf6 10. Nbc3 Re8 11. Qc2 h5 12. b4 c6 13. b5 Bd7 14. Rab1 Qc7 15. Rfc1 Rac8 16. Qb3 Ne4 17. Nxe4 fxe4 18. b6 axb6 19. Qxb6 Qxb6 20. Rxb6 {½-½ (62) Morchiashvili,B (2384)-Jojua,D (2586) Tbilisi 2018}) 8. O-O Nc6 9. c4 Ne7 {White is slightly better.} 10. Nbc3 c6 11. Nf4 $146 ({Predecessor:} 11. b4 d5 12. cxd5 Nxd5 13. Nxd5 cxd5 {1-0 (40) Revita,S (1743)-Cabungcag,C San Antonio 2014}) 11... Rb8 12. b4 {[%cal Bb2b4,Bb4b5][%mdl 32]} f5 13. Rb1 Bd7 14. Qb3 Qc7 15. h4 b6 16. b5 c5 17. Ncd5 Nxd5 18. Nxd5 Qd8 19. dxc5 $1 dxc5 20. Rfd1 Qc8 {[#]} (20... Be6 $142) 21. Qa3 $1 $16 {[%cal Ra3a7]} Ra8 $2 {[#]} (21... f4 $16 {is more resistant.}) 22. Nxb6 $1 $18 {[%mdl 512]} axb6 23. Qxa8 Be6 24. Qxc8 Rxc8 25. Bd5 Bc3 26. Rb3 Ba5 27. Rbd3 Re8 28. Kg2 Kg7 29. Kf3 h6 {[#]} 30. h5 $1 g5 (30... Bc8 $142 31. Bc6 Re7) (30... gxh5 31. Bxe6) 31. Bxe6 Rxe6 {[%mdl 4096] Endgame KRR-KRB} 32. Rd5 g4+ 33. Ke2 Kf6 34. Rd6 Kg5 35. Rxe6 fxe6 {KR-KB} 36. Rd8 e5 37. Ra8 Bc3 38. Ra6 Kxh5 39. Rxb6 Kg5 40. Rc6 f4 41. exf4+ exf4 42. Rxc5+ (42. b6 $142 Kf5 43. b7 Be5 44. Rxc5 Kf6 {[#]} 45. Rxe5 $1 {[%mdl 512]} Kxe5 46. b8=Q+ Kd4 47. gxf4 Kxc4 48. f5) 42... Kf6 43. gxf4 Bb4 44. Rd5 Kg6 45. b6 {Precision: White = 83%, Black = 20%.} 1-0

[Event "ESP-ch Rapid 2018"]
[Site "Linares"]
[Date "2018.08.19"]
[Round "4"]
[White "Roldan Marques, Daniel"]
[Black "Guadamuro Torrente, Anabel"]
[Result "0-1"]
[WhiteElo "2161"]
[BlackElo "2145"]
[Annotator "TA"]
[PlyCount "90"]
[EventDate "2018.08.19"]
[EventType "team-tourn"]
[EventCountry "ESP"]
[SourceTitle "playchess.com"]
[Source "ChessBase"]
[SourceQuality "1"]

{[%evp 21,89,32,33,0,0,-6,-2,-7,0,0,0,3,0,3,24,0,64,47,61,59,66,64,52,58,52,46,69,72,106,73,172,167,228,210,281,269,290,200,189,191,163,96,187,0,55,62,41,-104,-72,-103,-50,-758,-217,-1050,-1039,-902,-947,-29991,-1798,-29987,-579,-29991,-4770,-29952,-5713,-29998,-29984,-29998,-29999,-29999]} 1. d4 d5 2. c4 c6 3. cxd5 cxd5 4. Bf4 Nc6 5. e3 Nf6 6. Nc3 e6 7. Bd3 Bd6 8. Bxd6 Qxd6 9. f4 a6 {D10: Slav Defence: 3 cxd5 (without early Nf3) and 3 Nc3} (9... O-O 10. Nf3 Bd7 11. Ne5 Rfc8 12. O-O Be8 13. Rf3 g6 14. Rh3 Nd7 15. Qe1 Qe7 16. Qg3 f6 17. Ng4 Qg7 18. Nh6+ {1-0 (73) Aronian,L (2815)-Kamsky,G (2762) Beijing 2012}) 10. Nf3 O-O 11. O-O b5 {LiveBook: 7 Games. White is slightly better.} 12. a4 $146 ({Predecessor:} 12. Ne5 Ne7 13. Rf3 Bb7 14. Rh3 g6 15. Qe1 {½-½ (26) Bai,J (2520)-Liu,Q (2525) Zhongshan 2015}) 12... b4 13. Na2 {[%cal Bc3a2,Ba2c1,Bc1b3,Bb3c5][%mdl 32]} a5 14. Nc1 Ba6 15. Nb3 Ne4 16. Bxa6 Rxa6 17. Qd3 Ra7 18. Nfd2 f5 (18... Nxd2 $11 19. Qxd2 Rc7) 19. Rac1 Ne7 20. Nc5 g5 21. Ndb3 gxf4 22. exf4 Ng6 23. Qe3 Re8 24. Rc2 Rg7 25. Nxa5 Nh4 (25... Kh8 $16) 26. Nab3 {[%cal Ba5b3,Bb3c5,Bc5a6][%mdl 32]} Rg4 (26... Kh8 $142) 27. Nd3 Ng6 28. Nbc5 Qb8 29. Na6 Qa7 30. Ndxb4 Rxf4 31. Rfc1 ({White should try} 31. Rxf4 $18 Nxf4 32. Nc5 (32. Qxf4 Qxd4+ 33. Rf2 Rc8 $11) 32... Nxc5 33. dxc5 (33. Rxc5 Qxa4 34. Qxf4 Qxb4 $16)) 31... Nf6 (31... Rh4 $16) 32. Rc8 $2 (32. Nc5 $18) 32... Qxd4 ({Black should play} 32... Re4 $1 $11 33. Qf2 Rf4) 33. Qxd4 $14 Rxd4 34. b3 {[#]} (34. Rxe8+ $14 {keeps the upper hand.} Nxe8 35. a5) 34... Rxc8 $1 $17 35. Rxc8+ {[#]} Kg7 $1 {Threatens to win with ...Rd1+.} 36. Nc6 $2 {[%mdl 8192]} (36. Kf2 $15) 36... Rd2 $2 (36... Rd1+ 37. Kf2 Ne4+ 38. Ke3 f4+ 39. Ke2 Rd2+ 40. Kf1 Nh4) 37. b4 $2 (37. g3 Rd1+ 38. Kg2) 37... Ne4 $19 {[%cal Rd2d1]} 38. g3 f4 39. Nd8 Kf6 (39... f3 $142 40. Nxe6+ Kf6 41. Rc1 Rg2+ 42. Kf1 Rxh2 43. Kg1 Rg2+ 44. Kf1 Nxg3+ 45. Ke1 Re2+ 46. Kd1 f2 47. Nd8 f1=Q#) 40. Rc6 Ng5 (40... f3 $142 41. Rxe6+ Kf5 42. Rxe4 Kxe4 43. Nf7 Ke3 44. h4 Rd1+ 45. Kh2 f2 46. Nh6 f1=Q 47. Ng4+ Kf3 48. Ne5+ Nxe5 49. h5 Qh1#) 41. Nc5 f3 (41... Nf3+ $142 42. Kf1 Nxh2+ 43. Kg1 Nf3+ 44. Kf1 fxg3 45. Rxe6+ Kf5 46. Re2 Nf4 47. Rxd2 Nxd2+ 48. Ke1 Nf3+ 49. Kd1 g2 50. Ndb7 g1=Q+ 51. Kc2 Qf2+ 52. Kc3 Qd2+ 53. Kb3 Nd4+ 54. Ka3 Nd3 55. Nd6+ Kg4 56. Nxd3 Qxd3+ 57. Kb2 Qb3+ 58. Kc1 Qc2#) 42. Kf1 Ne5 {( -> ...Rd1+)} 43. Rd6 Rxh2 {Black mates.} 44. Ndxe6 Rh1+ 45. Kf2 Ng4# {Precision: White = 24%, Black = 37%.} 0-1